• 首页
  • 本馆介绍
  • 公告通知
  • 最新文献
  • 馆藏检索
  • 电子资源
  • 读者导购
  • 参考咨询
  • 我的图书馆
  • 登录
  • 详细信息显示
  • 放入我的书架
  • 预约/预借图书
  • 作者相关作品
  • 分类相关作品
  • 丛书相关作品
  • 出版社相关作品

书目信息

  • 表格格式
  • 工作单格式
  • 卡片格式
书名: Acquired immune deficiency syndrome
作者: Gerald J.Stine.
分册号:
分册名:
出版地: New Jersey :
 
出版社: Prectice hall
出版时间: 1993.
页数: 462 p. ;
开本: 24cm.
丛书名:
中图分类号:
科图分类号:
其他分类号: R512.91
主题词:
电子资源:
000 00444nam 2200145 a 4500
001 E0738342274
005 20070407104930.39
008 070407s1993 00010 eng
020    @a0-13-019811-0.
040    @aPFT@beng
090    @aR512.91
099    @dR512.91@ex17
245    @aAcquired immune deficiency syndrome :@bbiological,medical,social,and legal issues / @cGerald J.Stine.
260    @aNew Jersey :@bPrectice hall,@c1993.
300    @a462 p. ;@c24cm.
    
    Acquired immune deficiency syndrome : : biological,medical,social,and legal issues / / Gerald J.Stine.-New Jersey : : Prectice hall, , 1993.
    462 p. ; ; 24cm.
    
    
    ISBN 0-13-019811-0.
    
●
相关链接 在E读中查询图书 在五车中查询图书 在当当中查询图书 在豆瓣中查询图书


正题名:Acquired immune deficiency syndrome     索取号:R512.91/x17         预约/预借

序号 登录号 条形码 馆藏地/架位号 状态 备注
1 3937   300039376   第二样本阅览室/ [索取号:R512.91/x17] 在馆    
唐山师范学院图书馆 欢迎您!
大连网信软件有限公司© 版权所有